Achievement in secondary school: Attitudes, personality and school success (Record no. 1366727)

MARC details
000 -LEADER
fixed length control field 00616nam a2200193Ia 4500
005 - DATE AND TIME OF LATEST TRANSACTION
control field 20250508160814.0
008 - FIXED-LENGTH DATA ELEMENTS--GENERAL INFORMATION
fixed length control field 008 250505s9999 xx 000 0 eng d
037 ## - SOURCE OF ACQUISITION
Stock number Textual
040 ## - CATALOGING SOURCE
Original cataloging agency FEDL
Language of cataloging eng
Transcribing agency FEDL
041 ## - LANGUAGE CODE
Language code of text/sound track or separate title eng
Source of code eng
084 ## - COLON CLASSIFICATION NUMBER
Classification number 373, SUM
Assigning agency FEDL
100 ## - MAIN ENTRY--PERSONAL NAME
Personal name Sumner R
9 (RLIN) 769420
245 #0 - TITLE STATEMENT
Title Achievement in secondary school: Attitudes, personality and school success
260 ## - PUBLICATION, DISTRIBUTION, ETC.
Place of publication, distribution, etc. London, UK
Name of publisher, distributor, etc. National Foundation for Educational Research in England and Wales
Date of publication, distribution, etc. 1972
300 ## - PHYSICAL DESCRIPTION
Extent 206p.
700 ## - ADDED ENTRY--PERSONAL NAME
Personal name Warburton F W
9 (RLIN) 769421
942 ## - ADDED ENTRY ELEMENTS (KOHA)
Koha item type Textual
Classification part 373, SUM
Holdings
Withdrawn status Lost status Damaged status Not for loan Home library Current library Date acquired Total Checkouts Full call number Barcode Date last seen Price effective from Koha item type
        Department of Education Library Department of Education Library 2025-05-08   373, SUM EL0053476 2025-05-08 2025-05-08 Textual
Copyright @ Delhi University Library System